Mechaničeskije svojstva metallov /

Uloženo v:
Podrobná bibliografie
Hlavní autor: Zolotorevskij, Vadim Semenovič
Médium: Kniha
Jazyk:ruština
Vydáno: Moskva : Metallurgija, 1983
Vydání:Izd. 2. pererab. i dopol.
On-line přístup: Získat plný text
Tagy: Přidat tag
Žádné tagy, Buďte první, kdo vytvoří štítek k tomuto záznamu!

MARC

LEADER 00000nam a2200000 4500
003 SK-BrCVT
005 20220617204309.0
008 000603s1983 rur e ||||||rus d
035 |a CVTIDW0954726 
040 |b slo  |a CVTI SR 
041 0 |a rus 
044 |a rur 
080 |a 669.018.2  |2 UDC-MRF 
100 1 |a Zolotorevskij, Vadim Semenovič 
242 1 0 |a Mechanické vlastnosti kovov 
245 1 0 |a Mechaničeskije svojstva metallov /  |c Vadim Semenovič Zolotorevskij 
250 |a Izd. 2. pererab. i dopol. 
260 |a Moskva :  |b Metallurgija,  |c 1983 
300 |a 350 s. 
910 |b A432348 
974 |f Knihy 
992 |a APP 
999 |c 118011  |d 118011